000 00671cam a22002291a 4500
001 sa 62001239
003 DLC
005 20260227111918.0
008 850315s1962 ii a 000 0 eng
010 _asa 62001239
035 _a(OCoLC)11808980
040 _aDLC
_cVtU
_dVtU
_dDLC
042 _apremarc
050 0 0 _aDS485.R26
_bR3
100 1 _aRameshwar, S. M.
245 1 0 _aResurgent Rajasthan /
_cS. M. Rameshwar.
260 _aNew Delhi :
_bApex Publications,
_c1962.
300 _a268 p., [14] p. of plates :
_bill. ;
_c23 cm.
504 _aIncludes bibliography.
651 0 _aRajasthan (India)
_xHistory.
651 0 _aRajasthan (India)
_xEconomic conditions.
999 _c53231
_d53231